| 000 | 00336nam a2200121Ia 4500 | ||
|---|---|---|---|
| 008 | 210430s9999 xx 000 0 und d | ||
| 082 | _a909 B 4561 W | ||
| 100 | _aJames D.Bennett | ||
| 245 |
_aWriting History Papers An Introduction _cJames D.Bennett |
||
| 260 |
_aIndia _bMehra Offset Press _c2007 |
||
| 300 | _a63p | ||
| 942 |
_cBK _2ddc |
||
| 999 |
_c562584 _d562584 |
||